[Event "SWE-chB"]
[Site "Oerebro"]
[Date "2013.07.11"]
[Round "6"]
[White "Persson, Andreas"]
[Black "Cramling, Dan"]
[Result "0-1"]
[WhiteElo "2167"]
[BlackElo "2371"]
[PlyCount "60"]
[EventDate "2013.07.06"]
[EventType "tourn"]
[EventRounds "9"]
[EventCountry "SWE"]
[SourceTitle "EXT 2014"]
[Source "ChessBase"]
[SourceDate "2013.11.20"]
[SourceVersion "1"]
[SourceVersionDate "2013.11.20"]
[SourceQuality "1"]

1. e4 c5 2. Nc3 Nc6 3. f4 g6 4. Nf3 Bg7 5. Bb5 Nd4 6. 0-0 Nxb5 7. Nxb5 a6 8. Nc3 d6 9. d3 b5 10. Qe1 Bb7 11. a4 b4 12. Nd1 Nf6 13. Ne3 0-0 14. f5 e6 15. fxg6 fxg6 16. Ng5 Qe7 17. Nc4 Nd7 18. Rf4 Rae8 19. Rh4 Bd4+ 20. Be3 Qxg5 21. Bxd4 cxd4 22. Nxd6 Rb8 23. Rh3 a5 24. Qe2 Qc5 25. Nxb7 Rxb7 26. Qg4 Qe5 27. Qh4 Nf6 28. Rf1 Rbf7 29. Rhf3 Kg7 30. g4 h5 0-1